| 000 | 00941nam a22002897a 4500 | ||
|---|---|---|---|
| 001 | 0074 | ||
| 003 | DO-SdBNP | ||
| 005 | 20171108125506.0 | ||
| 007 | 0074 | ||
| 008 | 151105b cl 2009 xxu||||| |||| 00| 0 spa d | ||
| 020 | _a9789587420098 | ||
| 040 |
_aBPMSU _bspa _cBPMSU |
||
| 082 | 4 |
_a155.412 _bL864i, 2009 |
|
| 100 | 1 | 0 | _aLópez Jordán, María Elena |
| 245 | 1 | 0 |
_aInteligencia emocional : _bhabiblidad social, control de las emociones, destreza personal y seguridad interior / _cMaría Elena López Jordán, María Fernanda González Medina |
| 250 | _a2a ed. | ||
| 260 |
_aBogotá: _bGamma, _c2009. |
||
| 300 |
_av. : _bil., + CD-ROM _c29 cm. |
||
| 504 | _aBibliografías : p. 120 | ||
| 650 | _aESTIMULACIÓN TEMPRANA | ||
| 650 | _aEDUCACIÓN DE NIÑOS | ||
| 650 | _aDESARROLLO INFANTIL | ||
| 700 | 1 | 2 | _aGonzález Medina, María Fernanda |
| 942 |
_2ddc _cBK |
||
| 945 | _aInventariado, 2017/MFF | ||
| 956 | _aBrenda Tavárez | ||
| 999 |
_c8558 _d8558 |
||